New Zealand Rugby All Blacks - Most Wins as Captain - Statistics

General Stats
  • This quiz has been taken 64 times
  • The average score is 6 of 9
Answer Stats
Wins Answer % Correct
97 Richie McCaw
100%
39 Sean Fitzpatrick
90%
42 Kieran Read
86%
18 Tana Umaga
78%
20 Reuben Thorne
59%
15 Brian Lochore
47%
22 Wilson Whineray
41%
15 Andy Dalton
37%
15 Graham Mourie
37%
No matching quizzes found
Score Distribution
Percent of People with Each Score
Percentile by Number Answered
Your Score History
You have not taken this quiz